000 00696nam a2200253Ia 4500
003 OSt
005 20221006142356.0
006 a|||||r|||| 00| 0
007 ta
008 221006b |||||||| |||| 00| 0 eng d
020 _c204.45
024 _a6,217
037 _cTextual
040 _aEASL
_cEASL
_beng
041 _2eng
_aeng
082 _aO42,3vM68, L9
100 _aWALKER Janet A
_9647548
245 0 _aJapanese novel of the Meiji period and the ideal of individualism
260 _aPrinceton
_bPrinceton University Press
_c1979
300 _a316p.
_ccm.
490 _v JEL
942 _hO42,3vM68, L9
_cTEXL
_2CC
999 _c1074303
_d1074303